00425nam a2200181Ia 4500008004100000020001800041050001400059100001800073245003200091245002100123260001500144260001600159260000900175300001400184300002700198300001000225500000800235170918s9999 xx 000 0 und d a9780439863193 bM468 1990 aMayer, Mercer aJust going to the dentist / cby Mercer Mayer. aNew York : bScholastic, c1990 aunpaged : bcolored illustration ; c20cm. a380